[Event "Wch Rapid"]
[Site "Khanty-Mansiysk"]
[Date "2013.06.06"]
[Round "4"]
[White "Kamsky, Gata"]
[Black "Rakhmanov, Alexander"]
[Result "1-0"]
[WhiteElo "2741"]
[BlackElo "2602"]
[PlyCount "83"]
[EventDate "2013.06.06"]
[EventType "swiss (rapid)"]
[EventRounds "15"]
[EventCountry "RUS"]
[SourceTitle "CBM 154 Extra"]
[Source "ChessBase"]
[SourceDate "2013.06.25"]
[SourceVersion "2"]
[SourceVersionDate "2013.06.25"]
[SourceQuality "1"]

1. e4 c5 2. Nf3 Nf6 3. e5 Nd5 4. d4 cxd4 5. Qxd4 e6 6. g3 Nc6 7. Qe4 f5 8. Qe2
Be7 9. Bg2 O-O 10. O-O b6 11. c4 Nc7 12. Rd1 Bb7 13. Nc3 Qe8 14. Bg5 Rd8 15.
Rd2 Bxg5 16. Nxg5 Qe7 17. h4 h6 18. Nh3 Qc5 19. Re1 Ba6 20. b3 b5 21. cxb5 Bxb5
22. Qe3 Qxe3 23. Rxe3 Ba6 24. h5 Ne7 25. Nf4 Kf7 26. Re1 g5 27. hxg6+ Nxg6 28.
Nxg6 Kxg6 29. Red1 Rf7 30. Na4 f4 31. gxf4 Kf5 32. Rd4 Rg7 33. Kh2 Rxg2+ 34.
Kxg2 Bb7+ 35. f3 Nd5 36. Nc5 Bc6 37. Kf2 h5 38. Ne4 Kg6 39. Rg1+ Kh6 40. f5
exf5 41. Nf6 Nxf6 42. Rd6 1-0

[Event "Wch Rapid"]
[Site "Khanty-Mansiysk"]
[Date "2013.06.07"]
[Round "6"]
[White "Kamsky, Gata"]
[Black "Cheparinov, Ivan"]
[Result "1/2-1/2"]
[WhiteElo "2741"]
[BlackElo "2678"]
[PlyCount "78"]
[EventDate "2013.06.06"]
[EventType "swiss (rapid)"]
[EventRounds "15"]
[EventCountry "RUS"]
[SourceTitle "CBM 154 Extra"]
[Source "ChessBase"]
[SourceDate "2013.06.25"]
[SourceVersion "2"]
[SourceVersionDate "2013.06.25"]
[SourceQuality "1"]

1. c4 Nf6 2. Nc3 e5 3. g3 d5 4. cxd5 Nxd5 5. Bg2 Nb6 6. Nf3 Nc6 7. d3 Be7 8.
O-O O-O 9. Be3 Be6 10. Rc1 f6 11. a3 Qd7 12. d4 exd4 13. Nxd4 Nxd4 14. Qxd4
Qxd4 15. Bxd4 c6 16. Ne4 Bd5 17. Rfd1 Rfe8 18. e3 Rad8 19. b4 Kf7 20. Nc5 Bxg2
21. Kxg2 Bxc5 22. Bxc5 Ke6 23. Bd4 Rd7 24. Rc5 Red8 25. Rdc1 Nc8 26. a4 a6 27.
b5 axb5 28. axb5 Ne7 29. Rh5 h6 30. bxc6 Nxc6 31. Bb6 Ra8 32. Rb5 Ra2 33. e4
Ne5 34. h3 Ra4 35. Re1 Nd3 36. Reb1 Rxe4 37. Be3 Kf7 38. Rxb7 Rxb7 39. Rxb7+
Re7 1/2-1/2

[Event "Wch Rapid"]
[Site "Khanty-Mansiysk"]
[Date "2013.06.07"]
[Round "7"]
[White "Safarli, Eltaj"]
[Black "Kamsky, Gata"]
[Result "1/2-1/2"]
[WhiteElo "2660"]
[BlackElo "2741"]
[PlyCount "230"]
[EventDate "2013.06.06"]
[EventType "swiss (rapid)"]
[EventRounds "15"]
[EventCountry "RUS"]
[SourceTitle "CBM 154 Extra"]
[Source "ChessBase"]
[SourceDate "2013.06.25"]
[SourceVersion "2"]
[SourceVersionDate "2013.06.25"]
[SourceQuality "1"]

1. e4 c6 2. d4 d5 3. exd5 cxd5 4. c4 Nf6 5. Nc3 g6 6. Qb3 Bg7 7. cxd5 O-O 8.
Be2 Na6 9. Bf3 Qb6 10. Qxb6 axb6 11. Nge2 Nb4 12. O-O Rd8 13. d6 exd6 14. Bg5
h6 15. Bxf6 Bxf6 16. a3 Nc6 17. Rfd1 Ne7 18. Nf4 Nf5 19. Nfe2 Ne7 20. Nd5 Nxd5
21. Bxd5 b5 22. Rac1 Bg4 23. f3 Be6 24. Nf4 Bg5 25. Nxe6 Bxc1 26. Nxd8 Be3+ 27.
Kf1 Rxd8 28. Bxb7 Rb8 29. Bd5 Rc8 30. Rd3 Bc1 31. Rb3 Rc2 32. Rxb5 Bxb2 33.
Rb8+ Kg7 34. Rb7 Bxd4 35. Rxf7+ Kh8 36. Rf8+ Kg7 37. Rf7+ Kh8 38. f4 Be3 39.
Rf8+ Kg7 40. Rf7+ Kh8 41. Ke1 Rd2 42. Be4 d5 43. Bxg6 Rxg2 44. f5 Bg5 45. Kf1
Rxh2 46. f6 Kg8 47. Rg7+ Kf8 48. Rh7 Bxf6 49. Rf7+ Kg8 50. Rxf6 Kg7 51. Ra6 Ra2
52. Ke1 Rg2 53. Bd3 h5 54. Kf1 Ra2 55. a4 h4 56. a5 h3 57. Kg1 Ra3 58. Bf5 d4
59. Rg6+ Kf7 60. a6 d3 61. Rd6 d2 62. Bc2 Ke7 63. Rxd2 Rxa6 64. Bf5 Kf6 65.
Bxh3 Ke5 66. Kf2 Ra3 67. Bg2 Rc3 68. Rd5+ Kf4 69. Rd4+ Ke5 70. Re4+ Kf5 71. Bf3
Rc7 72. Ra4 Ke5 73. Ke2 Rc3 74. Be4 Rc1 75. Kd2 Rg1 76. Bf3 Rb1 77. Bd1 Kd5 78.
Bc2 Rg1 79. Kc3 Rc1 80. Ra5+ Kd6 81. Kd3 Ke6 82. Bb3+ Kf6 83. Kd4 Rc6 84. Ke4
Rc1 85. Bd5 Re1+ 86. Kf4 Rf1+ 87. Bf3 Re1 88. Rh5 Rg1 89. Rf5+ Ke6 90. Ra5 Rf1
91. Ra6+ Ke7 92. Ke4 Rf2 93. Bg4 Rb2 94. Bf5 Rb4+ 95. Ke5 Rb5+ 96. Kf4 Rc5 97.
Be6 Rc1 98. Bd5 Re1 99. Be4 Kd7 100. Ke5 Ke7 101. Ra7+ Ke8 102. Rh7 Re2 103.
Kd5 Kf8 104. Bf5 Re7 105. Rh1 Re2 106. Be6 Ke7 107. Rh7+ Kf6 108. Rf7+ Kg5 109.
Rf5+ Kg6 110. Kd6 Rb2 111. Rf1 Rb6+ 112. Ke5 Rb5+ 113. Bd5 Kg5 114. Rg1+ Kh5
115. Ke4 Kh6 1/2-1/2

[Event "Wch Rapid"]
[Site "Khanty-Mansiysk"]
[Date "2013.06.07"]
[Round "9"]
[White "Akopian, Vladimir Eduardovic"]
[Black "Kamsky, Gata"]
[Result "1-0"]
[WhiteElo "2691"]
[BlackElo "2741"]
[PlyCount "113"]
[EventDate "2013.06.06"]
[EventType "swiss (rapid)"]
[EventRounds "15"]
[EventCountry "RUS"]
[SourceTitle "CBM 154 Extra"]
[Source "ChessBase"]
[SourceDate "2013.06.25"]
[SourceVersion "2"]
[SourceVersionDate "2013.06.25"]
[SourceQuality "1"]

1. e4 e5 2. Nf3 Nc6 3. Bb5 a6 4. Ba4 Nf6 5. O-O Be7 6. Re1 b5 7. Bb3 O-O 8. h3
d6 9. c3 Nb8 10. d4 Nbd7 11. Nbd2 Bb7 12. Bc2 Re8 13. b3 Bf8 14. Bb2 g6 15. a4
c6 16. c4 exd4 17. Bxd4 b4 18. e5 dxe5 19. Nxe5 c5 20. Nxd7 Rxe1+ 21. Qxe1 cxd4
22. Nxf8 Qd6 23. Nxh7 Kxh7 24. Qf1 Qf4 25. Qd3 Re8 26. Rd1 Nh5 27. Nf3 Be4 28.
Qe2 Bc6 29. Qd3 Bxf3 30. Qxf3 Qxf3 31. gxf3 Nf4 32. Kf1 Rd8 33. c5 a5 34. c6
Kg7 35. Rxd4 Rxd4 36. c7 Rd5 37. c8=Q Ne6 38. Qc4 Rc5 39. Qe4 Kf6 40. h4 Re5
41. Qg4 Rd5 42. Qc4 Rc5 43. Qd3 Rh5 44. Qa6 Rc5 45. Bd3 Kg7 46. Bc4 Nf4 47. Qd6
Rf5 48. Qd4+ Kh7 49. Ke1 Kg8 50. Kd2 Kh7 51. Qd6 Kg7 52. Kc2 Kg8 53. h5 gxh5
54. Qh6 h4 55. Qxh4 Kg7 56. Qg4+ Kf6 57. Bxf7 1-0

[Event "Wch Rapid"]
[Site "Khanty-Mansiysk"]
[Date "2013.06.07"]
[Round "10"]
[White "Kamsky, Gata"]
[Black "Grischuk, Alexander"]
[Result "0-1"]
[WhiteElo "2741"]
[BlackElo "2779"]
[PlyCount "130"]
[EventDate "2013.06.06"]
[EventType "swiss (rapid)"]
[EventRounds "15"]
[EventCountry "RUS"]
[SourceTitle "CBM 154 Extra"]
[Source "ChessBase"]
[SourceDate "2013.06.25"]
[SourceVersion "2"]
[SourceVersionDate "2013.06.25"]
[SourceQuality "1"]

1. e4 e5 2. Nf3 Nc6 3. Bb5 Nf6 4. d3 Bc5 5. c3 O-O 6. O-O d6 7. Nbd2 a6 8. Bxc6
bxc6 9. h3 Re8 10. Qc2 d5 11. Re1 Bd6 12. Nb3 a5 13. a4 h6 14. Bd2 Nh5 15. d4
dxe4 16. Nxe5 Bxe5 17. dxe5 Rxe5 18. Nd4 Qe8 19. b4 Ba6 20. f4 Bd3 21. Qxd3
exd3 22. Rxe5 Qd7 23. Rxh5 axb4 24. Rc5 bxc3 25. Bxc3 Qd6 26. Re5 f6 27. Re3 c5
28. Nf3 c4 29. a5 Qc5 30. Kf2 Kh7 31. g4 Rb8 32. a6 Ra8 33. Nd4 Qd6 34. Kg3
Rxa6 35. Nf5 Qb6 36. Rxa6 Qxa6 37. Re7 Kg8 38. Rxg7+ Kf8 39. Bb4+ c5 40. Bxc5+
Ke8 41. Bb4 Qb6 42. Re7+ Kd8 43. Bc3 Qg1+ 44. Kh4 d2 45. Ba5+ Kc8 46. Nd6+ Kb8
47. Bxd2 Qf2+ 48. Kh5 Qxd2 49. Nxc4 Qxf4 50. Rg7 Qxc4 51. Kxh6 Qf4+ 52. Kg6 Kc8
53. Rh7 Qe4+ 54. Kh6 Qe3+ 55. Kg6 Qe4+ 56. Kh6 Kd8 57. Rg7 Qf4+ 58. Kh5 Ke8 59.
h4 Kf8 60. Rh7 Qf3 61. Rh6 Kf7 62. Rh7+ Ke6 63. Rh6 Ke5 64. Rg6 Qa8 65. g5 Qe8
0-1

[Event "Wch Rapid"]
[Site "Khanty-Mansiysk"]
[Date "2013.06.08"]
[Round "11"]
[White "Ponkratov, Pavel"]
[Black "Kamsky, Gata"]
[Result "0-1"]
[WhiteElo "2605"]
[BlackElo "2741"]
[PlyCount "68"]
[EventDate "2013.06.06"]
[EventType "swiss (rapid)"]
[EventRounds "15"]
[EventCountry "RUS"]
[SourceTitle "CBM 154 Extra"]
[Source "ChessBase"]
[SourceDate "2013.06.25"]
[SourceVersion "2"]
[SourceVersionDate "2013.06.25"]
[SourceQuality "1"]

1. e4 c6 2. d4 d5 3. e5 Bf5 4. g4 Bd7 5. c4 e6 6. Nc3 Ne7 7. Nf3 h5 8. gxh5
Rxh5 9. Ng5 Rh4 10. Bd3 dxc4 11. Qf3 Nf5 12. Bxf5 exf5 13. d5 f6 14. exf6 Qxf6
15. Bf4 Na6 16. Qe3+ Qe7 17. Be5 f4 18. Qe4 O-O-O 19. Nf3 Nc5 20. Qxc4 Rh5 21.
O-O-O Rxe5 22. d6 Qe6 23. Nxe5 Qxe5 24. Rhe1 Qf5 25. Qd4 b6 26. Re5 Qf6 27. b4
Ne6 28. Qe4 Ng5 29. Qe2 Nf7 30. Rc5 Kb8 31. Rc4 Ne5 32. Rcd4 Bg4 33. Qd2 Bxd1
34. Ne4 Nf3 0-1

[Event "Wch Rapid"]
[Site "Khanty-Mansiysk"]
[Date "2013.06.08"]
[Round "12"]
[White "Kamsky, Gata"]
[Black "Jakovenko, Dmitrij"]
[Result "1-0"]
[WhiteElo "2741"]
[BlackElo "2713"]
[PlyCount "85"]
[EventDate "2013.06.06"]
[EventType "swiss (rapid)"]
[EventRounds "15"]
[EventCountry "RUS"]
[SourceTitle "CBM 154 Extra"]
[Source "ChessBase"]
[SourceDate "2013.06.25"]
[SourceVersion "2"]
[SourceVersionDate "2013.06.25"]
[SourceQuality "1"]

1. d4 d5 2. Bf4 Nf6 3. e3 e6 4. Nf3 Be7 5. c3 c5 6. Nbd2 Nc6 7. Bd3 Nh5 8. Bg3
Nxg3 9. hxg3 h6 10. Ne5 Nxe5 11. dxe5 Bd7 12. Qg4 Bf8 13. a4 Qc7 14. Nf3 O-O-O
15. Bb5 Kb8 16. O-O Bc8 17. a5 a6 18. Be2 g5 19. b4 c4 20. Rfb1 Bd7 21. Nd4
Qxe5 22. b5 f5 23. Qh5 axb5 24. a6 b6 25. Rxb5 Bxb5 26. Nxb5 Rh7 27. Nd4 Rc8
28. Qg6 Re7 29. g4 f4 30. exf4 gxf4 31. Bf3 Ka7 32. Nb5+ Ka8 33. Nd4 Ka7 34.
Kf1 Bg7 35. Nb5+ Kb8 36. a7+ Kb7 37. Re1 Qg5 38. Nd6+ Ka8 39. Qxg5 hxg5 40.
Nxc8 Rc7 41. Nxb6+ Kxa7 42. Rxe6 d4 43. Nd5 1-0

[Event "Wch Rapid"]
[Site "Khanty-Mansiysk"]
[Date "2013.06.08"]
[Round "13"]
[White "Guseinov, Gadir"]
[Black "Kamsky, Gata"]
[Result "1-0"]
[WhiteElo "2631"]
[BlackElo "2741"]
[PlyCount "119"]
[EventDate "2013.06.06"]
[EventType "swiss (rapid)"]
[EventRounds "15"]
[EventCountry "RUS"]
[SourceTitle "CBM 154 Extra"]
[Source "ChessBase"]
[SourceDate "2013.06.25"]
[SourceVersion "2"]
[SourceVersionDate "2013.06.25"]
[SourceQuality "1"]

1. e4 c6 2. d4 d5 3. Nd2 dxe4 4. Nxe4 Nd7 5. Nf3 Ngf6 6. Nxf6+ Nxf6 7. Bc4 Bf5
8. O-O e6 9. c3 Be7 10. Bd3 Bg6 11. Bf4 O-O 12. Ne5 a5 13. Nxg6 hxg6 14. a4 Qb6
15. Qe2 c5 16. dxc5 Bxc5 17. Rfd1 Rad8 18. Bc4 Qc6 19. Bb5 Qc8 20. Bg5 e5 21.
Bxf6 gxf6 22. Qc4 f5 23. Kf1 e4 24. b4 axb4 25. cxb4 Be7 26. Qxc8 Rxc8 27. Be2
Rfd8 28. Rxd8+ Rxd8 29. b5 Bf6 30. Rc1 Ra8 31. Rc4 Bd8 32. f3 e3 33. Bd3 Bb6
34. Ke2 Kg7 35. h3 Kf6 36. Rb4 Ke5 37. Rc4 Kd5 38. Ke1 Bc5 39. Ke2 b6 40. Ke1
Rd8 41. Ke2 g5 42. Ke1 f4 43. Ke2 f5 44. Rc2 Ra8 45. Rc4 Ra7 46. Ke1 Rg7 47.
Ke2 Bd6 48. Rc2 g4 49. hxg4 fxg4 50. Be4+ Ke5 51. a5 bxa5 52. b6 Rg8 53. b7 Rh8
54. Rc8 Rh2 55. Re8+ Kf6 56. fxg4 Rh1 57. g5+ Kxg5 58. Rg8+ Kf6 59. Rg6+ Ke5
60. Rxd6 1-0

[Event "Wch Rapid"]
[Site "Khanty-Mansiysk"]
[Date "2013.06.08"]
[Round "14"]
[White "Kamsky, Gata"]
[Black "Sargissian, Gabriel"]
[Result "1/2-1/2"]
[WhiteElo "2741"]
[BlackElo "2671"]
[PlyCount "137"]
[EventDate "2013.06.06"]
[EventType "swiss (rapid)"]
[EventRounds "15"]
[EventCountry "RUS"]
[SourceTitle "CBM 154 Extra"]
[Source "ChessBase"]
[SourceDate "2013.06.25"]
[SourceVersion "2"]
[SourceVersionDate "2013.06.25"]
[SourceQuality "1"]

1. d4 Nf6 2. Nf3 e6 3. Bf4 b6 4. e3 Bb7 5. h3 c5 6. c3 Nc6 7. Bd3 Be7 8. O-O
O-O 9. a3 cxd4 10. cxd4 Rc8 11. Nc3 d5 12. Rc1 Na5 13. Nb5 Rxc1 14. Qxc1 a6 15.
Bc7 Qa8 16. Nd6 Nc4 17. Nxb7 Qxb7 18. Bf4 Rc8 19. Qb1 b5 20. Rc1 h6 21. Ne5
Nxe5 22. Bxe5 Nd7 23. Bf4 Nb6 24. Rd1 Nc4 25. e4 dxe4 26. Bxe4 Qb6 27. d5 e5
28. Bg3 Bd6 29. h4 Qd8 30. Bf5 Rc7 31. Re1 g6 32. Bd3 h5 33. b3 e4 34. Bxe4
Bxg3 35. bxc4 Bxh4 36. cxb5 axb5 37. Qxb5 Kg7 38. a4 Qf6 39. g3 Bg5 40. d6 Rc3
41. d7 h4 42. g4 Qf4 43. Bg2 Qd2 44. Kf1 h3 45. Be4 Bh4 46. Qe2 Qxd7 47. a5 Qd4
48. a6 Ra3 49. Bb7 Bf6 50. g5 Bxg5 51. Qe5+ Bf6 52. Qxd4 Bxd4 53. Re7 Ra1+ 54.
Re1 Ra2 55. Re2 Ra1+ 56. Re1 Ra5 57. Re7 Rf5 58. Re2 Rg5 59. Rd2 Bc5 60. Rd5
Rxd5 61. Bxd5 f5 62. f4 Kh6 63. Bf3 Ba7 64. Bd1 g5 65. fxg5+ Kxg5 66. Bf3 Kf4
67. Ke2 Kg3 68. Bc6 Bb6 69. Bb7 1/2-1/2

[Event "Wch Rapid"]
[Site "Khanty-Mansiysk"]
[Date "2013.06.08"]
[Round "15"]
[White "Kamsky, Gata"]
[Black "Potkin, Vladimir"]
[Result "1-0"]
[WhiteElo "2741"]
[BlackElo "2647"]
[PlyCount "67"]
[EventDate "2013.06.06"]
[EventType "swiss (rapid)"]
[EventRounds "15"]
[EventCountry "RUS"]
[SourceTitle "CBM 154 Extra"]
[Source "ChessBase"]
[SourceDate "2013.06.25"]
[SourceVersion "2"]
[SourceVersionDate "2013.06.25"]
[SourceQuality "1"]

1. d4 d5 2. Bf4 c5 3. e3 Nc6 4. c3 Nf6 5. Nd2 Bf5 6. Qb3 Qd7 7. Ngf3 c4 8. Qd1
e6 9. Be2 h6 10. O-O Be7 11. Ne5 Nxe5 12. Bxe5 O-O 13. Bf3 b5 14. a3 a5 15. Re1
Ne4 16. Bxe4 dxe4 17. a4 Rfc8 18. axb5 Qxb5 19. Qa4 Qd5 20. Bg3 h5 21. h3 h4
22. Bh2 f6 23. f3 Qb7 24. Qc2 exf3 25. e4 f2+ 26. Kxf2 Bh7 27. Kg1 Ra6 28. Ra4
Qb5 29. Kh1 e5 30. Nf3 exd4 31. Nxd4 Qb7 32. Qe2 Bf8 33. Rxc4 Re8 34. Rc7 1-0

[Event "Wch Blitz 7th"]
[Site "Khanty-Mansiysk"]
[Date "2013.06.09"]
[Round "1"]
[White "Grachev, Boris V"]
[Black "Kamsky, Gata"]
[Result "1/2-1/2"]
[WhiteElo "2683"]
[BlackElo "2741"]
[PlyCount "88"]
[EventDate "2013.06.09"]
[EventType "swiss (blitz)"]
[EventRounds "30"]
[EventCountry "RUS"]
[SourceTitle "CBM 154 Extra"]
[Source "ChessBase"]
[SourceDate "2013.06.25"]
[SourceVersion "2"]
[SourceVersionDate "2013.06.25"]
[SourceQuality "1"]

1. d4 d5 2. Bf4 c5 3. e3 Nf6 4. c3 Qb6 5. Qb3 Nc6 6. Nd2 g6 7. Ngf3 c4 8. Qc2
Bf5 9. Qc1 Bg7 10. h3 O-O 11. Be2 Rfc8 12. O-O Qd8 13. Bd1 b5 14. Bc2 Qd7 15.
Re1 Bxc2 16. Qxc2 Qf5 17. Qd1 a5 18. Ne5 h5 19. Nxc6 Rxc6 20. Be5 Ne4 21. Nxe4
dxe4 22. Bxg7 Kxg7 23. Rf1 b4 24. f3 f6 25. Qc2 exf3 26. e4 Qg5 27. Rxf3 bxc3
28. bxc3 Rb8 29. Qf2 Rcb6 30. Re1 Rb2 31. Re2 Rxe2 32. Qxe2 Qc1+ 33. Kh2 Rb2
34. Qxc4 Qd2 35. Qf1 Rxa2 36. e5 f5 37. Rd3 Qc2 38. d5 Ra1 39. Qxa1 Qxd3 40.
Qxa5 h4 41. d6 Qg3+ 42. Kh1 Qe1+ 43. Kh2 Qg3+ 44. Kh1 Qe1+ 1/2-1/2

[Event "Wch Blitz 7th"]
[Site "Khanty-Mansiysk"]
[Date "2013.06.09"]
[Round "3"]
[White "Kamsky, Gata"]
[Black "Riazantsev, Alexander"]
[Result "1-0"]
[WhiteElo "2741"]
[BlackElo "2708"]
[PlyCount "110"]
[EventDate "2013.06.09"]
[EventType "swiss (blitz)"]
[EventRounds "30"]
[EventCountry "RUS"]
[SourceTitle "CBM 154 Extra"]
[Source "ChessBase"]
[SourceDate "2013.06.25"]
[SourceVersion "2"]
[SourceVersionDate "2013.06.25"]
[SourceQuality "1"]

1. d4 Nf6 2. Nf3 d5 3. Bf4 e6 4. e3 Be7 5. c3 b6 6. Nbd2 Bb7 7. h3 Nbd7 8. a4
a6 9. a5 O-O 10. Bd3 c5 11. axb6 Qxb6 12. Ra2 a5 13. O-O Ba6 14. Qe2 Bxd3 15.
Qxd3 Rfc8 16. Rfa1 Bd8 17. Qc2 h6 18. Qb3 Qc6 19. Ra4 Ra7 20. Qd1 Rb7 21. R1a2
c4 22. Ne5 Nxe5 23. Bxe5 Nd7 24. Bg3 Rb5 25. e4 Qb7 26. exd5 exd5 27. Qc2 Rc6
28. Nf1 Re6 29. Ne3 Bg5 30. Nf5 Qb6 31. h4 Bd8 32. Ne3 Qb7 33. h5 Nf6 34. Qf5
Qd7 35. Be5 Ne8 36. g3 Re7 37. Qf3 Qe6 38. Ra1 Rxb2 39. Nxd5 Reb7 40. Kg2 Rd2
41. R4a2 Rxa2 42. Rxa2 Ra7 43. Ra4 Qd7 44. Ra2 a4 45. Ne3 Qb5 46. Qd5 Qxd5+ 47.
Nxd5 Nf6 48. Bxf6 Bxf6 49. Nb6 a3 50. Nxc4 Be7 51. d5 Bc5 52. Kf3 Kf8 53. Ke4
Ke7 54. g4 g6 55. f3 gxh5 1-0

[Event "Wch Blitz 7th"]
[Site "Khanty-Mansiysk"]
[Date "2013.06.09"]
[Round "4"]
[White "Riazantsev, Alexander"]
[Black "Kamsky, Gata"]
[Result "0-1"]
[WhiteElo "2708"]
[BlackElo "2741"]
[PlyCount "128"]
[EventDate "2013.06.09"]
[EventType "swiss (blitz)"]
[EventRounds "30"]
[EventCountry "RUS"]
[SourceTitle "CBM 154 Extra"]
[Source "ChessBase"]
[SourceDate "2013.06.25"]
[SourceVersion "2"]
[SourceVersionDate "2013.06.25"]
[SourceQuality "1"]

1. d4 d5 2. c4 c6 3. Nf3 Nf6 4. Nc3 a6 5. Ne5 g6 6. Bf4 Bg7 7. h3 dxc4 8. Nxc4
Be6 9. e3 Nd5 10. Be5 O-O 11. Bxg7 Kxg7 12. Ne4 Nd7 13. Be2 N5f6 14. Ncd2 Nxe4
15. Nxe4 Bd5 16. Bf3 e5 17. O-O Bxe4 18. Bxe4 Nf6 19. Bf3 exd4 20. Qxd4 Qxd4
21. exd4 Rfd8 22. Rad1 Rd7 23. Rd3 Rad8 24. Rfd1 c5 25. d5 Ne8 26. Rc3 b6 27.
a3 Nd6 28. Re1 h5 29. g3 a5 30. Kg2 Kf6 31. h4 Re7 32. Rd1 Re5 33. Kf1 a4 34.
Rc2 c4 35. Rcd2 b5 36. Rd4 Rde8 37. Rf4+ Ke7 38. Rfd4 f5 39. R4d2 Kd8 40. Rd4
Kc7 41. R4d2 Kb6 42. Rc2 Kc5 43. Rcd2 f4 44. gxf4 Rf5 45. Rd4 Ref8 46. Ke2 Rxf4
47. Rxf4 Rxf4 48. Rg1 Nf5 49. Bh1 Rxh4 50. d6 Nxd6 51. Rg5+ Nf5 52. Rxg6 Nd4+
53. Ke3 Rh3+ 54. f3 Nc2+ 55. Kd2 Rh2+ 56. Bg2 h4 57. Kxc2 h3 58. Kc3 Rxg2 59.
Rh6 h2 60. Rh5+ Kd6 61. f4 Ke6 62. Rh6+ Kf5 63. Rh4 Rf2 64. Kd4 Rxb2 0-1

[Event "Wch Blitz 7th"]
[Site "Khanty-Mansiysk"]
[Date "2013.06.09"]
[Round "6"]
[White "Kamsky, Gata"]
[Black "Dreev, Alexey"]
[Result "0-1"]
[WhiteElo "2741"]
[BlackElo "2668"]
[PlyCount "168"]
[EventDate "2013.06.09"]
[EventType "swiss (blitz)"]
[EventRounds "30"]
[EventCountry "RUS"]
[SourceTitle "CBM 154 Extra"]
[Source "ChessBase"]
[SourceDate "2013.06.25"]
[SourceVersion "2"]
[SourceVersionDate "2013.06.25"]
[SourceQuality "1"]

1. d4 d5 2. Bf4 Nf6 3. e3 c5 4. c3 e6 5. Nd2 Bd6 6. Bg3 Nc6 7. Ngf3 O-O 8. Bd3
b6 9. Ne5 Bb7 10. f4 Ne7 11. Qb1 Ng6 12. O-O Nh5 13. Be1 cxd4 14. cxd4 Nf6 15.
a3 Rc8 16. h3 Qc7 17. Bg3 Qb8 18. Bh2 Qa8 19. Qe1 Qb8 20. Rd1 Rfd8 21. Qe2 Ne4
22. g4 Ne7 23. h4 f6 24. Nef3 f5 25. Ne5 Bxe5 26. fxe5 Bc6 27. h5 h6 28. Bf4
Rf8 29. Kh2 Be8 30. Rg1 Qc7 31. gxf5 Rxf5 32. Bxe4 dxe4 33. Nxe4 Rxh5+ 34. Kg3
Qc6 35. Nd6 Rd8 36. Rc1 Qd7 37. Kf2 Nd5 38. Qg4 Kh7 39. Rh1 Rxh1 40. Rxh1 Nxf4
41. exf4 Bg6 42. Rg1 Bc2 43. Qe2 Bf5 44. Rc1 Rf8 45. Ke3 Bg6 46. Qg2 Bh5 47.
Rg1 Qe7 48. Qe4+ Kh8 49. Rh1 Be8 50. Rh2 a5 51. b3 b5 52. Qb7 Qxb7 53. Nxb7 a4
54. b4 Bc6 55. Nd6 Kh7 56. Rc2 Bd5 57. Nxb5 g5 58. fxg5 Rf3+ 59. Ke2 hxg5 60.
Rc3 Rf4 61. Nd6 Rxd4 62. b5 Rh4 63. b6 Rh2+ 64. Ke3 Rb2 65. b7 Kg6 66. Rc7 Rb3+
67. Kd4 g4 68. Rc8 Bxb7 69. Rg8+ Kh5 70. Ne8 Kh4 71. Nf6 Bf3 72. Kc5 g3 73. Kd6
g2 74. Kxe6 Rb1 75. Kf7 g1=Q 76. Rxg1 Rxg1 77. e6 Rf1 78. e7 Bh5+ 79. Kg7 Re1
80. Kf8 Bg6 81. Kg7 Rxe7+ 82. Kxg6 Re3 83. Kf5 Rxa3 84. Ke4 Rb3 0-1

[Event "Wch Blitz 7th"]
[Site "Khanty-Mansiysk"]
[Date "2013.06.09"]
[Round "7"]
[White "Kamsky, Gata"]
[Black "Guseinov, Gadir"]
[Result "1/2-1/2"]
[WhiteElo "2741"]
[BlackElo "2631"]
[PlyCount "138"]
[EventDate "2013.06.09"]
[EventType "swiss (blitz)"]
[EventRounds "30"]
[EventCountry "RUS"]
[SourceTitle "CBM 154 Extra"]
[Source "ChessBase"]
[SourceDate "2013.06.25"]
[SourceVersion "2"]
[SourceVersionDate "2013.06.25"]
[SourceQuality "1"]

1. d4 Nf6 2. Nf3 g6 3. Bf4 Bg7 4. c3 O-O 5. h3 d6 6. Nbd2 Nbd7 7. e4 e5 8. dxe5
dxe5 9. Be3 Qe7 10. Bc4 b6 11. O-O Bb7 12. Re1 Nc5 13. Bxc5 Qxc5 14. b4 Qe7 15.
a4 a5 16. Qb3 Bh6 17. Bd5 Bxd5 18. exd5 e4 19. bxa5 Rxa5 20. c4 Re8 21. Qc2 c6
22. Nd4 cxd5 23. Nc6 Qc5 24. Nxa5 Qxa5 25. Nb3 Qb4 26. cxd5 e3 27. Rad1 Nxd5
28. Kh1 e2 29. Rxe2 Rxe2 30. Qxe2 Qxb3 31. Qd3 Qxd3 32. Rxd3 Nb4 33. Rd6 Bf8
34. Rxb6 Nd3 35. a5 Bc5 36. Rb8+ Kg7 37. Kg1 Bxf2+ 38. Kf1 Bc5 39. a6 Nf4 40.
Rc8 Bb6 41. Rb8 Bc5 42. Rb7 Ne6 43. a7 Bxa7 44. Rxa7 h5 45. g3 Ng5 46. Kg2 Ne6
47. Ra5 Kf6 48. Ra6 Kg7 49. Rd6 Ng5 50. Rd5 Ne4 51. Kf3 Nf6 52. Rd6 Ne8 53. Rc6
Nf6 54. Kf4 Nd5+ 55. Ke5 Ne3 56. Rc3 Nf5 57. g4 hxg4 58. hxg4 Nh6 59. g5 Nf5
60. Rc7 Ne3 61. Kd6 Kf8 62. Kd7 Nd5 63. Rc8+ Kg7 64. Ke8 Nf4 65. Rc7 Ne6 66.
Rxf7+ Kh8 67. Rf6 Nxg5 68. Rxg6 Nf3 69. Kf7 Ne5+ 1/2-1/2

[Event "Wch Blitz 7th"]
[Site "Khanty-Mansiysk"]
[Date "2013.06.09"]
[Round "8"]
[White "Guseinov, Gadir"]
[Black "Kamsky, Gata"]
[Result "1-0"]
[WhiteElo "2631"]
[BlackElo "2741"]
[PlyCount "135"]
[EventDate "2013.06.09"]
[EventType "swiss (blitz)"]
[EventRounds "30"]
[EventCountry "RUS"]
[SourceTitle "CBM 154 Extra"]
[Source "ChessBase"]
[SourceDate "2013.06.25"]
[SourceVersion "2"]
[SourceVersionDate "2013.06.25"]
[SourceQuality "1"]

1. e4 b6 2. d4 Bb7 3. Nc3 e6 4. Be3 g6 5. Qd2 Bg7 6. O-O-O d6 7. h4 h6 8. h5 g5
9. f4 gxf4 10. Bxf4 Nd7 11. Nf3 a6 12. Kb1 b5 13. d5 Qe7 14. dxe6 fxe6 15. Nh4
b4 16. Ne2 Qf6 17. e5 Nxe5 18. Qxb4 Nd7 19. Ng6 Rb8 20. c3 a5 21. Qxa5 Be4+ 22.
Ka1 Bxg6 23. hxg6 Ne7 24. Qxc7 Nd5 25. Rxd5 exd5 26. Qxd6 Qxd6 27. Bxd6 Rb6 28.
Ba3 Rxg6 29. Nf4 Rg4 30. Nxd5 Kf7 31. Be2 Re4 32. Bh5+ Ke6 33. Nc7+ Ke5 34. Rd1
Nf6 35. Bg6 Bf8 36. Bxf8 Rxf8 37. Bxe4 Nxe4 38. Rd5+ Kf6 39. Rd4 Ke5 40. a4 Rg8
41. a5 Rg7 42. Nb5 Rxg2 43. a6 Rg6 44. a7 Ra6+ 45. Kb1 h5 46. b3 h4 47. Ra4
Rxa7 48. Rxa7 Ng5 49. Ra8 h3 50. Rh8 Kf4 51. Nd4 Kg3 52. b4 h2 53. Rxh2 Kxh2
54. Kb2 Kg3 55. Kb3 Kf4 56. b5 Ke5 57. Kb4 Kd6 58. c4 Ne4 59. Nb3 Nf6 60. c5+
Kd5 61. Ka5 Nd7 62. c6 Ne5 63. Kb6 Nc4+ 64. Kc7 Ne5 65. Na5 Kc5 66. b6 Kb5 67.
b7 Kxa5 68. b8=Q 1-0

[Event "Wch Blitz 7th"]
[Site "Khanty-Mansiysk"]
[Date "2013.06.09"]
[Round "9"]
[White "Pridorozhni, Aleksei"]
[Black "Kamsky, Gata"]
[Result "1/2-1/2"]
[WhiteElo "2512"]
[BlackElo "2741"]
[PlyCount "73"]
[EventDate "2013.06.09"]
[EventType "swiss (blitz)"]
[EventRounds "30"]
[EventCountry "RUS"]
[SourceTitle "CBM 154 Extra"]
[Source "ChessBase"]
[SourceDate "2013.06.25"]
[SourceVersion "2"]
[SourceVersionDate "2013.06.25"]
[SourceQuality "1"]

1. e4 c6 2. Nc3 d5 3. Qe2 g6 4. exd5 cxd5 5. Qb5+ Nc6 6. Qxd5 Bd7 7. Bc4 e6 8.
Qf3 Ne5 9. Qe2 Nxc4 10. Qxc4 Bc6 11. Nf3 Bg7 12. Qe2 Ne7 13. O-O Qc7 14. Ne4
O-O 15. d4 h6 16. c3 b6 17. Re1 Bb7 18. Ne5 f6 19. Nd3 Rae8 20. Bf4 e5 21. dxe5
Nd5 22. Bd2 fxe5 23. Rac1 Kh7 24. f3 g5 25. c4 Nf4 26. Nxf4 exf4 27. Bc3 Bxe4
28. fxe4 Be5 29. b3 Rf7 30. Bxe5 Rxe5 31. Rcd1 Rfe7 32. Rd5 Qc6 33. Qg4 Qf6 34.
h3 Rxe4 35. Rxe4 Rxe4 36. Rd7+ Re7 37. Rxe7+ 1/2-1/2